Новые методы упрочнения и обработки металлов: межвузовский сборник научных трудов

Detalles Bibliográficos
Autor Corporativo: Новосибирский электротехнический институт (НЭТИ)
Outros autores: Тушинский Л. И. Леонид Иннокентьевич (редактор)
Idioma:ruso
Publicado: Новосибирск, Изд-во НЭТИ, 1981
Subjects:
Formato: Libro
KOHA link:https://koha.lib.tpu.ru/cgi-bin/koha/opac-detail.pl?biblionumber=311767

MARC

LEADER 00000nam0a2200000 4500
001 311767
005 20231102002422.0
020 |a RU  |b 82-21496 
035 |a (RuTPU)RU\TPU\book\337132 
090 |a 311767 
100 |a 20151211d1981 k y0rusy5003 ca 
101 0 |a rus 
102 |a RU 
105 |a a z 001zy 
200 1 |a Новые методы упрочнения и обработки металлов  |e межвузовский сборник научных трудов  |f Новосибирский электротехнический институт (НЭТИ) ; под ред. Л. И. Тушинского 
210 |a Новосибирск  |c Изд-во НЭТИ  |d 1981 
215 |a 190 с.  |c ил. 
320 |a Библиография в конце работ 
606 1 |a Упрочнение металлов  |2 stltpush  |3 (RuTPU)RU\TPU\subj\63107  |9 80153 
610 1 |a металлические материалы 
610 1 |a термохимия 
610 1 |a разрушение 
610 1 |a сплавы 
610 1 |a структура 
675 |a 621.785.5  |v 3 
702 1 |a Тушинский  |b Л. И.  |g Леонид Иннокентьевич  |4 340 
712 0 2 |a Новосибирский электротехнический институт (НЭТИ)  |c (1950-1992)  |2 stltpush  |3 (RuTPU)RU\TPU\col\203 
801 0 |a RU  |b RuMRKP  |c 19950704  |g psbo 
801 1 |a RU  |b 63413507  |c 20151211 
801 2 |a RU  |b 63413507  |c 20191106  |g RCR 
942 |c BK